| 000 | 01073nam a2200289 i 4500 | ||
|---|---|---|---|
| 003 | DO-SdBNP | ||
| 005 | 20230627144307.0 | ||
| 007 | ta | ||
| 008 | 230627b2022 dr ac||| |||| 00| 0 spa d | ||
| 020 | _a9789945510201 | ||
| 040 |
_aDO-SdBNP _bspa _cBNPHU _erda |
||
| 082 | 4 | _222 | |
| 100 |
_aCastillo, Gabriel, _eautor _983617 |
||
| 245 | 1 | 0 |
_aPalma sola : _bLiborio Mateo, el origen / _cGabriel Castillo ; Gerardo Castillo ; colaboradores Germán Castellanos, Gerardo Catillo, Rafael Almanzar, Marlon Paulino |
| 264 | 1 |
_aSanto Domingo : _bNacional, _c2022. |
|
| 300 |
_a88 páginas : _bilustraciones, retratos ; _c22 cm. |
||
| 336 |
_2rdacontent _atexto _btxt |
||
| 337 |
_2rdamedia _asin mediación _bn |
||
| 338 |
_2rdacarrier _avolumen _bnc |
||
| 590 | _aInventariado, 2023/BT | ||
| 700 | 1 |
_aCastellanos, Germán, _ediseño gráfico y editorial _983618 |
|
| 700 | 1 |
_aCastillo, Gerardo, _eguión y corrección de texto _983619 |
|
| 700 | 1 |
_aAlmánzar, Rafael, _erotulador _981440 |
|
| 700 | 1 |
_aPaulino, Marlon, _etraductor _983620 |
|
| 910 | _aBtavárez | ||
| 942 |
_2ddc _cLBS1 |
||
| 999 |
_c53980 _d53980 |
||